[Event "Perugia op 1st"]
[Site "Perugia"]
[Date "2009.09.25"]
[Round "1"]
[White "Gloor, Claudio"]
[Black "Di Tucci, Benedetto"]
[Result "1/2-1/2"]
[WhiteElo "2090"]
[BlackElo "1810"]
[PlyCount "109"]
[EventDate "2009.09.25"]
[EventType "swiss"]
[EventRounds "5"]
[EventCountry "ITA"]
[SourceTitle "CBM 132 Extra"]
[Source "ChessBase"]
[SourceDate "2009.11.03"]
[SourceVersion "1"]
[SourceVersionDate "2009.11.03"]
[SourceQuality "1"]

1. d4 f5 2. c4 Nf6 3. Nf3 e6 4. g3 c6 5. Bg2 d5 6. Nc3 Bd6 7. 0-0 0-0 8. e3 Nbd7 9. b3 Ne4 10. Bb2 Qe7 11. Qc2 Ndf6 12. Ne5 Bd7 13. Rad1 Be8 14. Bf3 Bh5 15. Bxh5 Nxh5 16. Qe2 g6 17. f4 Nhf6 18. Nd3 Qg7 19. Nxe4 Nxe4 20. Nc5 Qe7 21. Nxe4 fxe4 22. c5 Bc7 23. b4 a6 24. a4 Qd7 25. Ra1 Rfb8 26. Bc3 b5 27. axb5 axb5 28. Ra2 Bd8 29. Rfa1 Qb7 30. Qg4 Kf7 31. Qh3 Kf6 32. g4 Rxa2 33. Rxa2 Kg7 34. Qf1 Ra8 35. Qa1 Rxa2 36. Qxa2 Bh4 37. g5 h6 38. gxh6+ Kxh6 39. Qg2 Qe7 40. Kf1 Qf6 41. Be1 Bxe1 42. Kxe1 Qh4+ 43. Qg3 Kh5 44. Kf2 Qg4 45. Qxg4+ Kxg4 46. Kg2 g5 47. fxg5 Kxg5 48. Kg3 Kf5 49. h4 e5 50. dxe5 Kxe5 51. Kg4 d4 52. exd4+ Kxd4 53. h5 e3 54. h6 e2 55. h7 1/2-1/2